000 00787cam a22002531 4500
005 20260322212015.0
008 data
010 _a 55010336
040 _aDLC
_cDLC
_dDLC
041 1 _aengspa
050 0 0 _aAC1
_b.G72 vol. 29
082 0 0 _a863.32
100 1 _aCervantes Saavedra, Miguel de,
_d1547-1616.
240 1 0 _aDon Quixote.
_lEnglish
245 1 4 _aThe history of Don Quixote de la Mancha/
_cMiguel de Cervantes Saavedra & John Ormsby.
260 _aChicago,
_bEncyclopaedia Britannica
_c[1955, c1952]
300 _axvi, 429 p.
_c25 cm.
490 0 _aGreat books of the Western World, v. 29
655 7 _aPicaresque literature.
_2gsafd
655 7 _aAdventure stories.
_2gsafd
700 1 _aOrmsby, John,
_d1829-1895,
_etr.
740 _aDon Quixote de la Mancha.
001 data
999 _c321
_d321